| 000 | 00908nam a2200229Ia 4500 | ||
|---|---|---|---|
| 001 | 16039 | ||
| 003 | GE_BSU | ||
| 008 | 181216s||||||||xx |||||||||||||| ||und|| | ||
| 040 | _cGE_BSU | ||
| 080 | _a821.353.1-1 | ||
| 100 | _aჯაყელი, ჯემალ | ||
| 245 | _aთვალები და გზები | ||
| 245 | _bლექსები | ||
| 245 | _cრედ. გ. მოისწრაფიშვილი.მხ.ნ.მაისურაძე | ||
| 260 | _aთბილისი | ||
| 260 | _bსაბჭ. აჭარა | ||
| 260 | _c1969 | ||
| 300 | _a135გვ. ; 17სმ | ||
| 653 | _aთვალები და გზები | ||
| 653 | _aმიწის საუნჯე; მოგიტან მარილს; მიმალავ ცრემლებს და მიმაცილებ; ჩრდილოეთის ციალი | ||
| 942 | _cBK | ||
| 999 |
_c49129 _d49129 |
||